| 000 | 00856nas a2200277 4500 | ||
|---|---|---|---|
| 001 | BR2011002875 | ||
| 003 | BR-BrBNA | ||
| 005 | 20231205114949.0 | ||
| 007 | ta | ||
| 008 | 230509b bl.|||p| |||| 00| 00por d | ||
| 040 |
_aBR-BrBNA _bpor _cBiblioteca Nacional de Agricultura |
||
| 041 | _a(Pt) | ||
| 072 | _aU40 | ||
| 100 | 1 | _aRosa, V.G.C. da | |
| 100 | 1 | _aMoreira, M.A. | |
| 100 | 1 | _aRudorff, B.F.T. | |
| 100 | 1 | _aAdami, M. | |
| 245 | 1 | _aEstimativa da produtividade de café com base em um modelo agrometeorológico-espectral | |
| 650 | _aCAFÉ | ||
| 650 | _aSENSORIAMENTO REMOTO | ||
| 650 | _aESTATÍSTICA AGRÍCOLA | ||
| 650 | _aÁREA FOLIAR | ||
| 773 | 0 |
_tPesquisa Agropecuária Brasileira (Brazil) _xISSN 0100-204X _g(Dec 2010), v. 45(12) p. 1478-1488 _wBR2011002875 |
|
| 909 |
_a202311 _bLúcia _c55 _dLúcia Elande |
||
| 942 |
_2AGRIS _n0 _cANA |
||
| 999 |
_c211451 _d211451 |
||